00537 a2200169 4500020001500000082001500015100002200030245015000052300001400202650002200216650002000238650002500258650002300283650001900306650002700325650001500352 a8479602732 a861bC574c aCaudet, Francisco aCinco poetas espaǫes. Antologa̕ Polt̕ica.bAntonio Machado, Juan Ramn̤ Jimňez, Federico Garca̕ Lorca, Vicente Aleixandre y Rafael Alberti a127c21cm aPoesa̕ Espaǫla aAntonio Machado aJuan Ramn̤ Jimňez aVicente Aleixandre aRafael Alberti aFederico Garca̕ Lorca aAntologa̕